Evaluación de Impacto Ambiental de la Subestación el Aeropuerto
Sistema de Evaluación Ambiental (Decreto 76-2006) en su artículo 17, inciso No. 28, los proyectos energéticos que contemplen la construcción de líneas de transmisión arriba de 69 kV y subestaciones están catalogados, como actividad con potencialidad de ejercer impactos ambientales altos, por...
| Main Authors: | , |
|---|---|
| Other Authors: | |
| Format: | Tesis Section = Libro |
| Language: | Undetermined Spanish |
| Published: |
Managua
UNI
2019
|
| Subjects: |
| LEADER | 01519nam a2200253Ia 4500 | ||
|---|---|---|---|
| 008 | 240830s9999 xx 000 0 und d | ||
| 040 | |a BIBLIOTECA-RUPAP Mon 333.714 H557 | ||
| 041 | |a spa | ||
| 082 | |a Mon 333.714 H557 | ||
| 100 | 1 | |a Hernández Silva, Juan Carlos | |
| 100 | 1 | |b García Solís, Engels Mercedes | |
| 245 | 1 | 0 | |a Evaluación de Impacto Ambiental de la Subestación el Aeropuerto |
| 260 | |a Managua |b UNI |c 2019 | ||
| 300 | |a 127 p. :il. | ||
| 500 | |a Contiene: anexos y CD. | ||
| 502 | |a Tesis (Ingeniero Civil)- UNI, 2019. | ||
| 520 | 3 | |a Sistema de Evaluación Ambiental (Decreto 76-2006) en su artículo 17, inciso No. 28, los proyectos energéticos que contemplen la construcción de líneas de transmisión arriba de 69 kV y subestaciones están catalogados, como actividad con potencialidad de ejercer impactos ambientales altos, por lo que están clasificadas en Categoría Ambiental II, sujeta a la realización de un Estudio de Impacto Ambiental (EIA) como requisito para la obtención del Permiso Ambiental. El proyecto ha sido formulado cumpliendo con todas las normativas legales y técnicas internacionales para este tipo de proyecto, tanto para la subestación eléctrica como para el tramo de la línea de transmisión. | |
| 650 | 7 | |a IMPACTO AMBIENTAL- EVALUACION | |
| 650 | 7 | |b PROTECCION DEL MEDIO AMBIENTE | |
| 650 | 7 | |c SUBESTACION AEROPUERTO- ASPECTOS AMBIENTALES | |
| 700 | 1 | |a Tutor: |b Castro Alfaro, María José | |
| 942 | |c BK |2 ddc | ||
| 991 | |a TESIS | ||
| 999 | |c 15404 | ||